header

Linguistic identity in postcolonial multilingual spaces (Record no. 58904)

MARC details
000 -LEADER
fixed length control field 01713nam a2200373Ia 4500
245 00 - TITLE STATEMENT
Title Linguistic identity in postcolonial multilingual spaces
260 ## - PUBLICATION, DISTRIBUTION, ETC. (IMPRINT)
Place of publication Newcastle, UK :
Name of publisher Cambridge Scholars Publishing,
Year of publication 2007.
300 ## - PHYSICAL DESCRIPTION
Number of Pages xi, 350 p.
500 ## - GENERAL NOTE
General note Includes rev. version of papers originally presented at a section of the Innovations and Reproductions in Cultures and Societies Conference, which was held Dec. 9-11, 2005, Vienna, Austria.
650 #0 - SUBJECT ADDED ENTRY--TOPICAL TERM
Topical Term Sociolinguistics
Topical Term Multilingualism
Topical Term Postcolonialism
Topical Term Multilingual persons
Topical Term Anthropological linguistics
700 1# - ADDED ENTRY--PERSONAL NAME
Personal name Anchimbe, Eric A.
856 40 - ELECTRONIC LOCATION AND ACCESS
Uniform Resource Identifier http://site.ebrary.com/lib/rucke/Doc?id=10677154

No items available.

© 2026 Rongo University
Contact us: librarian | system librarian | Rongo university